| 000 | 00419nam a2200181Ia 4500 | ||
|---|---|---|---|
| 001 | 17948 | ||
| 005 | 20260306171554.0 | ||
| 008 | 260306s9999||||xx |||||||||||||| ||und|| | ||
| 041 | _aESP | ||
| 082 |
_a658.3 _bH61 |
||
| 100 |
_aHoare, Stephen _eAUT |
||
| 245 | 0 | _aAdministración del talento | |
| 260 | _c2014 | ||
| 300 |
_a192 páginas : _c23 cm. |
||
| 650 | _aGEN | ||
| 654 | _aCAN | ||
| 942 |
_cLIB _dJUS _fJUS _2ddc _n |
||
| 999 |
_c17948 _d17948 |
||